Welcome to the Holygrace Academy Library

Please use search bar below to get started

THE HAPPIEST MAN ON EARTH (Record no. 6782)

MARC details
000 -LEADER
fixed length control field 00593nam a22001577a 4500
020 ## - INTERNATIONAL STANDARD BOOK NUMBER
ISBN 978-1529066364
082 ## - DEWEY DECIMAL CLASSIFICATION NUMBER
Classification number 920
Item number JAK/H
100 ## - MAIN ENTRY--AUTHOR NAME
Personal name JAKU, EDDIE
245 ## - TITLE STATEMENT
Title THE HAPPIEST MAN ON EARTH
246 ## - VARYING FORM OF TITLE
Title proper/short title THE HAPPIEST MAN ON EARTH
Remainder of title THE HAPPIEST MAN ON EARTH
260 ## - PUBLICATION, DISTRIBUTION, ETC. (IMPRINT)
Place of publication LONDON
Name of publisher PAN MACMILLAN AUSRALIA PVT LTD
Year of publication 2022
300 ## - PHYSICAL DESCRIPTION
Number of Pages 195
520 ## - SUMMARY, ETC.
Summary, etc The Happiest Man on Earth (2020) is the true story of one man, who survived inconceivable horrors during the Holocaust, and afterward made it his mission to change the world for the better.
650 ## - SUBJECT ADDED ENTRY--TOPICAL TERM
Topical Term memoir in english
942 ## - ADDED ENTRY ELEMENTS (KOHA)
Koha item type Books
Holdings
Withdrawn status Lost status Collection code Home library Current library Shelving location Date acquired Source of acquisition Cost, normal purchase price Full call number Accession Number Koha item type
    Non-fiction Main Library Main Library NEW SHELF WITH NEW ENTRY 27/09/2023 Purchase 599.00 920 JAK/H 12932 Books